000 00663nam a2200241Ia 4500
003 OSt
005 20221005022945.0
006 a|||||r|||| 00| 0
007 ta
008 221004b |||||||| |||| 00| 0 mar d
024 _a40230
037 _cTextual
040 _aCRL
_cCRL
_bmar
041 _2mar
_amar
082 _aO155,2M72w, L2
100 _aDavnav Sankar Ganesh
_9578897
245 0 _aSahitya samart narsingh
260 _aAuogabad
_bMukand prakashan India
_c1972
300 _a98p.
_ccm.
650 _aMARATHI LITERATURE
_938000
942 _hO155,2M72w, L2
_cTEXL
_2cc
999 _c930266
_d930266